Größte Städte in Mecklenburg-Vorpommerns A-Z - Statistiken

Allgemein
  • Dieses Quiz wurde 193 mal gespielt
  • Das Durchschnittsergebnis liegt bei 10 aus 20
Antwortstatistiken
# Einwohner Stadt % Korrekt
S 98.308 Schwerin
99%
R 205.307 Rostock
97%
G 56.092 Greifswald
91%
N 60.344 Neubrandenburg
86%
W 43.329 Wismar
84%
A 11.917 Anklam
68%
P 17.893 Parchim
63%
L 11.961 Ludwigslust
57%
B 13.457 Bergen auf Rügen
54%
D 9.583 Demmin
47%
U 8.768 Ueckermünde
42%
M 6.767 Malchin
35%
H 12.022 Hagenow
32%
T 8.899 Torgelow
31%
J 2.787 Jarmen
25%
K 8.088 Kühlungsborn
19%
C 4.601 Crivitz
18%
F 6.044 Friedland
18%
E 4.812 Eggesin
14%
Z 5.312 Zarrentin am Schaalsee
13%
Keine übereinstimmenden Quizze gefunden
Verteilung der Resultate
Anzahl Personen mit jedem Resultat
Perzentil nach korrekt beantworteten Fragen
Ihre Resultats-Entwicklung
Sie haben dieses Quiz noch nicht gespielt